| 000 | 01021pam a2200289 a 4500 | ||
|---|---|---|---|
| 001 | 605 | ||
| 005 | 20230626091526.0 | ||
| 008 | 900516s1991 nyu j 000 1 eng | ||
| 020 |
_a0060216522 : _c$13.95 ($18.95 Can.) |
||
| 020 | _a0060216530 (lib. bdg.) | ||
| 040 |
_aDLC _cDLC _dDLC _beng |
||
| 050 | 0 | 0 |
_aPZ7.S635 _bFi 1991 |
| 082 | 0 | 0 |
_a[Fic] _220 |
| 100 | 1 | _aSlote, Alfred. | |
| 245 | 1 | 0 |
_aFinding Buck McHenry / _cby Alfred Slote. |
| 250 | _a1st ed. | ||
| 260 |
_aNew York, NY : _bHarper Trophy _c1991. |
||
| 300 |
_a250 pages ; _c22 cm. |
||
| 505 | _aH | ||
| 520 | _aEleven-year-old Jason, believing the school custodian Mack Henry to be Buck McHenry, a famous pitcher from the old Negro League, tries to enlist him as a coach for his Little League team by revealing his identity to the world. | ||
| 521 |
_a500
_bLexile |
||
| 521 |
_aH
_bRaz-Plus |
||
| 650 | 1 |
_aBaseball _vFiction. |
|
| 650 | 1 |
_aAfrican Americans _vFiction. |
|
| 906 |
_a7 _bcbc _corignew _d1 _eocip _f19 _gy-gencatlg |
||
| 942 |
_2ddc _cBK _n0 |
||
| 999 |
_c605 _d605 |
||